00553nam a2200169Ia 450000500170000000800410001708200130005810000140007124500920008526000490017730000120022665000160023865000120025494200060026695200960027299900150036820250305053304.0240331s9999 xx 000 0 und d bTHAa954 aThapar, R 0aCommunalism and the Historical Legacy :bJathibedawadaya ha indeeya ithihasaya liweema aColombobSocial Scientists Associationc1991 a20 p ., aCommunalism aHistory cL 001040708LaWERCLbWERCLcSSCd2024-03-31l0o 954 THAp2521r2024-03-31w2024-03-31yL c3556d3556